000 00906nam a2200241 i 4500
003 DO-SdBNP
005 20240214125924.0
007 ta
008 240214s2012 dr a 000 j spa d
040 _aDO-SdBNP
_bspa
_cBNPHU
_erda
082 _bR311
_222
245 1 3 _aRecursos litúrgico de cuaresma y pascuas /
_cRecopilación Padre Ciprian Hilario
264 1 _aSanto Domingo :
_bEdiciones MSC,
_c2012
300 _a131 páginas
_c29 cm.
_bIlustraciones
336 _2rdacontent
_atexto
_btxt
337 _2rdamedia
_asin mediación
_bn
338 _2rdacarrier
_avolumen
_bnc
500 _aSentido cristiano de la cueresma y la pascua, lectura litúrgicas para cada año, via crucis semana santa, sermon de las siete palabras, triduo pacual, via lucis, retiros, la hora santa en cuaresma y pascua
521 _aNivel primario
590 _aInventariado, 2024/DG
910 _aDG
942 _2ddc
_cLBS1
999 _c55946
_d55946